Normal view
MARC view
- Charry, Brinda.
Entry Personal Name
001 - CONTROL NUMBER
- control field: 11942
003 - CONTROL NUMBER IDENTIFIER
- control field: NUST
005 - DATE AND TIME OF LATEST TRANSACTION
- control field: 20180723065504.0
008 - FIXED-LENGTH DATA ELEMENTS
- fixed length control field: 180723|| aca||aabn | a|a d
040 ## - CATALOGING SOURCE
- Original cataloging agency: NUST
- Transcribing agency: NUST
100 ## - HEADING--PERSONAL NAME
- Personal name: Charry, Brinda.
670 ## - SOURCE DATA FOUND
- Source citation: Work cat.: (NUST)173301: Charry, Brinda., First love /, 2009.
